000 00659nam a22002177a 4500
001 48724
003 UA-OsUOA
005 20220426154224.0
007 ta
008 20070911b un ||||| |||| 00| 0 ukr d
040 _aUA-OsUOA
_bukr
_cUA-OsUOA
_dUA-OsUOA
041 _aukr
080 _a82-6
090 _a82-6
_bВ42
245 _a"...Віддати себе зумієм Україні". Листування Трохима Зіньківського з Борисом Грінченком
260 _aК.
_c2004
300 _a518 с.
650 7 _a82 Література. Літературознавство
_2UDC
942 _cBK
_2udc
955 _a3
999 _c334837
_d334837